M.Ju. Lermontov v škole : posobije dlja učitelja /

Hlavní autor: Lermontov, Michail Jur‘jevič, 1814-1841
Další autoři: Šagalov, A. A.
Jazyk: Ruština
Vydáno: Moskva : Prosveščenije, 1976
Fyzický popis: 252 s.
Knihy
Uloženo v:
LEADER 00670nam a22002052a 4500
001 000411996
003 CZ BrMZK
005 20050930095029.0
007 ta
008 990307s1976 ru f rus d
040 |a BOA001  |b cze  |c BOA001 
100 1 |a Lermontov, Michail Jur‘jevič,  |d 1814-1841  |7 jn19990210374  |4 aut 
245 1 0 |a M.Ju. Lermontov v škole :  |b posobije dlja učitelja /  |c sost. A. A. Šagalov 
260 |a Moskva :  |b Prosveščenije,  |c 1976 
300 |a 252 s. 
700 1 |a Šagalov, A. A.  |4 com 
910 |a BOA001  |b PK-0077.108 
990 |a BK 
991 |b 200509 
996 7 |b 3119823564  |c PK-0077.108  |l MZK  |r Sklad / do 1 hodiny  |n 0  |w 000411996  |u 000010  |a 1  |e BOA001  |j MZK50  |s A